Ανάλυση και Σχεδιασμός Συστημάτων / Ανάπτυξη Πληροφοριακών Συστημάτων (Record no. 1001)
[ view plain ]
| 000 -LEADER | |
|---|---|
| fixed length control field | 01659cam a22001934a 4500 |
| 005 - ΗΜΕΡΟΜΗΝΙΑ ΚΑΙ ΩΡΑ ΤΕΛΕΥΤΑΙΑΣ ΕΝΗΜΕΡΩΣΗΣ | |
| Πεδίο ελέγχου | 20250605163954.0 |
| 008 - FIXED-LENGTH DATA ELEMENTS--GENERAL INFORMATION | |
| Πεδίο ελέγχου σταθερού μήκους | 250528s ||||||||||||||||||||||||d |
| 035 ## - SYSTEM CONTROL NUMBER | |
| System control number | 15419 |
| 020 ## - ISBN | |
| ISBN | 9607235134 |
| 040 ## - ΠΗΓΗ ΚΑΤΑΛΟΓΟΓΡΑΦΗΣΗΣ | |
| Φορέας πρωτότυπης καταλογογράφησης | MC Athens Campus Library |
| Γλώσσα καταλογογράφησης | Ελληνικά, Μοντέρνα (1453-) |
| Modifying agency | MC Athens Campus Library |
| Κανόνες περιγραφικής καταλογογράφησης | AACR2 |
| 245 1# - ΤΙΤΛΟΣ ΚΑΙ ΔΗΛΩΣΗ ΥΠΕΥΘΥΝΟΤΗΤΑΣ | |
| Τίτλος | Ανάλυση και Σχεδιασμός Συστημάτων / Ανάπτυξη Πληροφοριακών Συστημάτων |
| 260 ## - PUBLICATION, DISTRIBUTION, ETC. | |
| Name of publisher, distributor, etc. | Νέων Τεχνολογιών, |
| Date of publication, distribution, etc. | 1991 |
| 300 ## - PHYSICAL DESCRIPTION | |
| Extent | 368 |
| 520 ## - SUMMARY, ETC. | |
| Summary, etc. | Το βιβλίο αυτό είναι το κλασσικό σύγγραμμα ανάλυσης και σχεδιασμού συστημάτων. Πρόλογος, Πληροφοριακά Συστήματα Επιχειρήσεων, Συστήματα Επεξεργασίας Δεδομένων, Πληροφοριακά Συστήματα, Ανάλυση Συστημάτων, Εισαγωγή στην Ανάπτυξη Πληροφοριακών Συστημάτων, Προκαταρκτική Φάση Ανάλυσης, Τεχνικές και Μέθοδοι Ανάλυσης, Καθορισμός Απαιτήσεων, Σχεδιασμός Συστημάτων, Τα Βήματα Σχεδιασμού, Σχεδιασμός Εξόδων, Σχεδιασμός Εισόδων και Διαλογών, Σχεδιασμός Αρχείων και Βάσεων Δεδομένων, Σχεδιασμός Επεξεργασίας, Σχεδιασμός Τηλεπερξεγασίας, Πρακτική Εφαρμογή, Βιβλιογραφία, Ευρετήριο. |
| 700 1# - ΠΡΟΣΘΕΤΗ ΑΝΑΓΡΑΦΗ--ΦΥΣΙΚΟ ΠΡΟΣΩΠΟ | |
| Personal name | Λαοπόδης Βασίλης Γ |
| 9 (RLIN) | 238 |
| 942 ## - ADDED ENTRY ELEMENTS (KOHA) | |
| Koha item type | Books |
| Τύπος τεκμηρίου | Βιβλιοθήκη | Τρέχουσα τοποθεσία | Barcode | Αριθμός εισαγωγής | Ημερομηνία απόκτησης | Ταξιθετικό σύμβολο | Αριθμός αντιτύπου | Κατάσταση απόσυρσης | Κατάσταση χαμένου | Κατάσταση κατεστραμμένου | Μη δανεισμός | Σύνολο δανεισμών | Ημερομηνία τελευταίας εμφάνισης | Η τιμή ισχύει από |
|---|---|---|---|---|---|---|---|---|---|---|---|---|---|---|
| Books | MC Athens Campus Library | MC Athens Campus Library | 9780000010001 | 1758 | 05/06/2025 | 658.4038011 LAO | 1 | 05/06/2025 | 05/06/2025 |